| 000 | 00000nam 2200000zi 4500 |
| 001 | 9.946260 |
| 003 | CaOODSP |
| 005 | 20250311120056 |
| 006 | m o d f |
| 007 | cr cn||||||||| |
| 008 | 241217t20252024qucd o f000 0 fre d |
| 020 | |a9780660749556 |
| 040 | |aCaOODSP|bfre|erda|cCaOODSP |
| 043 | |an-cn-nk |
| 086 | 1 |aEn4-759/4-2024F-PDF |
| 245 | 00|aNouveau-Brunswick : |baperçu sur l'électricité propre 2022-2024. |
| 246 | 10|aAperçu sur l'électricité propre 2022-2024 |
| 264 | 1|a[Gatineau (Québec)] : |bEnvironnement et changement climatique Canada = Environment and Climate Change Canada, |c[2025] |
| 264 | 4|c©2024 |
| 300 | |a1 ressource en ligne (3 pages non numérotées) : |bgraphiques |
| 336 | |atexte|btxt|2rdacontent/fre |
| 337 | |ainformatique|bc|2rdamedia/fre |
| 338 | |aressource en ligne|bcr|2rdacarrier/fre |
| 500 | |aTitre de départ. |
| 500 | |aPublié aussi en anglais sous le titre : New Brunswick: clean electricity snapshot 2022-2024. |
| 520 | |a« Au Nouveau-Brunswick, le réseau électrique est alimenté par un ensemble de sources de production d'électricité, soit l'énergie nucléaire, l'énergie éolienne, l'énergie solaire, l'hydroélectricité, le gaz naturel, le charbon, le pétrole et le diesel » -- Page [1]. |
| 650 | 6|aÉnergies propres|zNouveau-Brunswick. |
| 650 | 6|aÉlectricité|xProduction|zNouveau-Brunswick. |
| 710 | 1 |aCanada. |bEnvironnement et changement climatique Canada, |eorganisme de publication. |
| 775 | 08|tNew Brunswick : |w(CaOODSP)9.946259 |
| 856 | 40|qPDF|s517 Ko|uhttps://publications.gc.ca/collections/collection_2025/eccc/en4/En4-759-4-2024-fra.pdf |
| 856 | 4 |qHTML|sS.O.|uhttps://www.canada.ca/fr/services/environnement/meteo/changementsclimatiques/plan-climatique/electricite-propre/apercu-nouveau-brunswick.html |
| 986 | |aEC24023 |